Việt Nam thế giới và sự hội nhập : (Một số công trình tuyển chọn)

Nội dung cuốn sách là những công trình nghiên cứu về lịch sử cận hiện đại và lịch sử quan hệ quốc tế.

সংরক্ষণ করুন:
গ্রন্থ-পঞ্জীর বিবরন
প্রধান লেখক: Vũ, Dương Ninh
বিন্যাস: গ্রন্থ
ভাষা:Undetermined
প্রকাশিত: Hà Nội Giáo dục 2007
বিষয়গুলি:
ট্যাগগুলো: ট্যাগ যুক্ত করুন
কোনো ট্যাগ নেই, প্রথমজন হিসাবে ট্যাগ করুন!
Thư viện lưu trữ: Trung tâm Học liệu Trường Đại học Cần Thơ
LEADER 00819nam a2200217Ia 4500
001 CTU_129095
008 210402s9999 xx 000 0 und d
020 |c 115000 
082 |a 959.7 
082 |b N312 
100 |a Vũ, Dương Ninh 
245 0 |a Việt Nam thế giới và sự hội nhập : 
245 0 |b (Một số công trình tuyển chọn) 
260 |a Hà Nội 
260 |b Giáo dục 
260 |c 2007 
520 |a Nội dung cuốn sách là những công trình nghiên cứu về lịch sử cận hiện đại và lịch sử quan hệ quốc tế. 
650 |a Vietnam,International relations,Lịch sử Việt Nam 
650 |x History 
904 |i Tuyến 
980 |a Trung tâm Học liệu Trường Đại học Cần Thơ